000 00398nam a2200145Ia 4500
008 240624s9999 xx 000 0 und d
041 _aeng
082 _a342.54 SHA
100 _aSHARMA BRIJ KISHORE
245 _aINTRODUCTION TO THE CONSTITUTION OF INDI
250 _a(4th ed.)
260 _c2008
_aNew Delhi
_bPrentice-Hall of India
300 _axxxvi, : 398 : p. : cm. ; 24
365 _cRS
_b36
999 _c10695
_d10695